Statistics for Holidays most commonly celebrated in the US

Click here to take the quiz!

General Stats

  • This quiz has been taken 94 times
  • The average score is 6 of 11

Answer Stats

Percent of Americans celebratingHoliday% Correct
92%–96%Christmas
100%
87%–90%Thanksgiving
90%
64%–65%Halloween
82%
80%–81%Easter
79%
78%–79%Independence Day
73%
37%–45%New Year's Day
64%
55%Valentine's Day
61%
84%Mother's Day
42%
75%Father's Day
40%
51%Saint Patrick's Day
9%
76%Super Bowl Sunday
6%

Score Distribution

Percentile by Number Answered

Percent of People with Each Score

Your Score History

You have not taken this quiz